000 00996nas a2200337 4500
001 BR2014008077
003 BR-BrBNA
005 20231205124830.0
007 ta
008 230509b bl.|||p| |||| 00| 00por d
040 _aBR-BrBNA
_bpor
_cBiblioteca Nacional de Agricultura
041 _a(En)
072 _aF30
100 1 _aSantos, P.H.A.D.
100 1 _aPereira, M.G.
100 1 _aTrindade, R. dos S.
100 1 _aCunha, K.S. da
100 1 _aEntringer, G.C.
100 1 _aVettorazzi, J.C.F.
245 1 _aAgronomic performance os super-sweet corn genotypes in the north of Rio de Janeiro
650 _aMILHO DOCE
650 _aZEA MAYS
650 _aRIO DE JANEIRO
650 _aHÍBRIDO
650 _aGENÓTIPO
650 _aVIGOR HÍBRIDO
650 _aPRODUTIVIDADE
773 0 _tCrop Breeding and Applied Biotechnology (Brazil)
_xISSN 1518-7853
_g(Dec 2014), v. 14(1) p. 8-14
_wBR2014008077
909 _a202311
_bLúcia
_c55
_dLúcia Elande
942 _2AGRIS
_n0
_cANA
999 _c241142
_d241142